000 00902nam a2200181Ia 4500
008 151202s9999||||xx |||||||||||||| ||und||
082 _bPNVM-121417
100 _aपारखे म.स/बाबूराव.
245 _aरामयशोगाथा समग्र परशुराम चरित्र इतिहास वगैरे.
260 _b"ज.आ.मोंडकर,1183शिवाजीनगर,पुणे."
260 _c1975
300 _a650
600 _aपारखे म.स/बाबूराव.
630 _aरामयशोगाथा समग्र परशुराम चरित्र इतिहास वगैरे.
700 _aपारखे म.स/बाबूराव.
730 _aरामयशोगाथा समग्र परशुराम चरित्र इतिहास वगैरे.
942 _cBOOK
999 _c1351546
_d1351543